[Event "Riga Tech op 8th"]
[Site "Riga"]
[Date "2018.08.07"]
[Round "2"]
[White "Zatonskih, Vitaly"]
[Black "Lobanov, Sergei"]
[Result "0-1"]
[WhiteElo "2297"]
[BlackElo "2531"]
[PlyCount "105"]
[EventDate "2018.08.06"]
[EventType "swiss"]
[EventRounds "9"]
[EventCountry "LAT"]
[SourceTitle "CBM 185 Extra"]
[Source "ChessBase"]
[SourceDate "2018.07.29"]
[SourceVersion "1"]
[SourceVersionDate "2018.07.29"]
[SourceQuality "1"]

1. e4 c5 2. Nf3 d6 3. d4 cxd4 4. Nxd4 Nf6 5. f3 e5 6. Bb5+ Nbd7 7. Nf5 d5 8. exd5 a6 9. Ba4 b5 10. Bb3 a5 11. c3 Nb6 12. Ne3 a4 13. Bc2 Bc5 14. Qd3 0-0 15. Nd2 Bxe3 16. Ne4 Nxe4 17. Qxe4 f5 18. Qxe3 Nxd5 19. Qc5 Qh4+ 20. g3 Qc4 21. Qxc4 bxc4 22. 0-0 Kf7 23. Re1 Kf6 24. Bd2 Be6 25. b3 axb3 26. axb3 cxb3 27. Rxa8 Rxa8 28. Bxb3 Nb6 29. Be3 Nd7 30. Bc2 Rc8 31. Ba4 Nc5 32. Bb5 Nb3 33. f4 e4 34. Bc1 Bc4 35. Ba4 Nxc1 36. Rxc1 Ra8 37. Bc2 Ra2 38. Bd1 g5 39. fxg5+ Kxg5 40. h4+ Kf6 41. Bh5 Ke5 42. Re1 f4 43. gxf4+ Kxf4 44. Be8 Be2 45. Bf7 Rb2 46. Bg8 h6 47. Bd5 Bf3 48. c4 Rg2+ 49. Kf1 Rh2 50. Bxe4 Bxe4 51. Kg1 Rh1+ 52. Kf2 Rxe1 53. Kxe1 0-1

[Event "Dortmund Sparkassen op-A 46th"]
[Site "Dortmund"]
[Date "2018.07.19"]
[Round "6"]
[White "Zatonskih, Vitaly"]
[Black "Wagner, Alexej"]
[Result "1/2-1/2"]
[WhiteElo "2323"]
[BlackElo "2313"]
[PlyCount "44"]
[EventDate "2018.07.14"]
[EventType "swiss"]
[EventRounds "9"]
[EventCountry "GER"]
[SourceTitle "CBM 185 Extra"]
[Source "ChessBase"]
[SourceDate "2018.07.29"]
[SourceVersion "1"]
[SourceVersionDate "2018.07.29"]
[SourceQuality "1"]

1. e4 c5 2. Nf3 d6 3. d4 cxd4 4. Nxd4 Nf6 5. f3 e5 6. Bb5+ Nbd7 7. Nf5 d5 8. exd5 a6 9. Ba4 b5 10. Bb3 Nc5 11. Ne3 Nxb3 12. axb3 Bc5 13. Nc3 Bb7 14. Qd3 0-0 15. Ne4 Bxe3 16. Nxf6+ gxf6 17. Bxe3 Qxd5 18. Qxd5 Bxd5 19. 0-0-0 Be6 20. Rd6 Rfc8 21. Kd2 Rd8 22. Rxd8+ Rxd8+ 1/2-1/2

[Event "Oberliga NRW 1718"]
[Site "Germany"]
[Date "2018.04.29"]
[Round "9.4"]
[White "Mundorf, Johannes"]
[Black "Zatonskih, Vitaly"]
[Result "1/2-1/2"]
[WhiteElo "2202"]
[BlackElo "2316"]
[PlyCount "35"]
[EventDate "2017.09.17"]
[EventType "team-tourn"]
[EventRounds "9"]
[EventCountry "GER"]
[SourceTitle "EXT 2019"]
[Source "ChessBase"]
[SourceDate "2018.10.10"]
[SourceVersion "1"]
[SourceVersionDate "2018.10.10"]
[SourceQuality "1"]
[WhiteTeam "Dinslaken"]
[BlackTeam "Muelheim Nord II"]
[WhiteTeamCountry "GER"]
[BlackTeamCountry "GER"]

1. Nf3 e6 2. g3 c5 3. c4 d5 4. Bg2 d4 5. b4 cxb4 6. a3 Nc6 7. 0-0 bxa3 8. d3 Nh6 9. Nxa3 Be7 10. Nb5 0-0 11. Bxh6 gxh6 12. Qd2 Kg7 13. Qf4 Bf6 14. Qg4+ Kh8 15. Qh5 Kg7 16. Qg4+ Kh8 17. Qh5 Kg7 18. Qg4+ 1/2-1/2

[Event "Dortmund Sparkassen op-A 44th"]
[Site "Dortmund"]
[Date "2016.07.17"]
[Round "9"]
[White "Pap, Misa"]
[Black "Zatonskih, Vitaly"]
[Result "1/2-1/2"]
[WhiteElo "2487"]
[BlackElo "2329"]
[PlyCount "81"]
[EventDate "2016.07.09"]
[EventType "swiss"]
[EventRounds "9"]
[EventCountry "GER"]
[SourceTitle "CBM 173 Extra"]
[Source "ChessBase"]
[SourceDate "2016.08.29"]
[SourceVersion "1"]
[SourceVersionDate "2016.08.29"]
[SourceQuality "1"]

1. e4 c5 2. Nf3 d6 3. d4 cxd4 4. Nxd4 Nf6 5. Nc3 e5 6. Bb5+ Nbd7 7. Nf5 a6 8. Ba4 b5 9. Bb3 Nb6 10. Bg5 Bxf5 11. exf5 Be7 12. Bxf6 Bxf6 13. a4 0-0 14. 0-0 bxa4 15. Nxa4 e4 16. c3 Rb8 17. Qc2 Nxa4 18. Rxa4 Qb6 19. Rb4 Qc6 20. Ba4 Qd5 21. Rd1 Qxf5 22. Rxb8 Rxb8 23. Bc6 Qe5 24. Bxe4 g6 25. Rd5 Qe7 26. g3 Kg7 27. Rd2 Re8 28. Bc6 Rc8 29. Re2 Qa7 30. Bd5 Qc5 31. Qb3 Qb5 32. Qd1 a5 33. Bb3 Be5 34. Rd2 Rb8 35. Qg4 Rb7 36. Bd5 Re7 37. Kg2 h5 38. Qf3 a4 39. h4 a3 40. bxa3 Qa4 41. c4 1/2-1/2

[Event "Dortmund Sparkassen op-A 44th"]
[Site "Dortmund"]
[Date "2016.07.12"]
[Round "4"]
[White "Zatonskih, Vitaly"]
[Black "Rott, Georg"]
[Result "1-0"]
[WhiteElo "2329"]
[BlackElo "2139"]
[PlyCount "79"]
[EventDate "2016.07.09"]
[EventType "swiss"]
[EventRounds "9"]
[EventCountry "GER"]
[SourceTitle "CBM 173 Extra"]
[Source "ChessBase"]
[SourceDate "2016.08.29"]
[SourceVersion "1"]
[SourceVersionDate "2016.08.29"]
[SourceQuality "1"]

1. e4 e6 2. d4 d5 3. Nd2 Nf6 4. e5 Nfd7 5. Bd3 c5 6. c3 Nc6 7. Ngf3 cxd4 8. cxd4 Bb4 9. 0-0 Bxd2 10. Bxd2 h6 11. Rc1 Nf8 12. b4 a6 13. a4 Ng6 14. g3 0-0 15. h4 f5 16. b5 axb5 17. axb5 Na5 18. Bb4 Re8 19. Nd2 Bd7 20. Qc2 Nxh4 21. gxh4 Qxh4 22. Be2 Qg5+ 23. Kh1 Qh4+ 24. Kg2 Qxd4 25. Qc3 Qf4 26. Bxa5 d4 27. Qg3 Qxg3+ 28. Kxg3 Rxa5 29. Ra1 Rea8 30. Nb3 Ra3 31. Bc4 Rxa1 32. Rxa1 Rc8 33. Rc1 d3 34. Bxd3 Rd8 35. Bc4 Kf7 36. Rd1 b6 37. Rd6 Ke7 38. Nd4 Ra8 39. Bxe6 Ra3+ 40. Kg2 1-0

[Event "Dortmund Sparkassen op-A"]
[Site "Dortmund"]
[Date "2012.07.20"]
[Round "7"]
[White "Zatonskih, Vitaly"]
[Black "Podzielny, Karl Heinz"]
[Result "1/2-1/2"]
[WhiteElo "2276"]
[BlackElo "2438"]
[PlyCount "31"]
[EventDate "2012.07.14"]
[EventType "swiss"]
[EventRounds "9"]
[EventCountry "GER"]
[SourceTitle "CBM 149 Extra"]
[Source "ChessBase"]
[SourceDate "2012.08.24"]
[SourceVersion "1"]
[SourceVersionDate "2012.08.24"]
[SourceQuality "1"]

1. e4 g6 2. d4 Bg7 3. Nc3 d6 4. Nf3 a6 5. a4 Nc6 6. Be3 Bg4 7. Be2 e5 8. dxe5 Bxf3 9. Bxf3 Bxe5 10. Qd2 Nf6 11. 0-0 0-0 12. Nd5 Re8 13. Bg5 Nd4 14. Nxf6+ Bxf6 15. Qxd4 Bxg5 16. c3 1/2-1/2

[Event "UKR-ch sf"]
[Site "Alushta"]
[Date "2005.05.22"]
[Round "7"]
[White "Zatonskih, Vitaly"]
[Black "Marchenko, Artem"]
[Result "1-0"]
[WhiteElo "2307"]
[BlackElo "2158"]
[PlyCount "75"]
[EventDate "2005.05.16"]
[EventType "swiss"]
[EventRounds "9"]
[EventCountry "UKR"]
[SourceTitle "CBM 106 Extra"]
[Source "ChessBase"]
[SourceDate "2005.07.01"]
[SourceVersion "1"]
[SourceVersionDate "2005.07.01"]
[SourceQuality "1"]

1. e4 c5 2. Nf3 d6 3. d4 cxd4 4. Nxd4 Nf6 5. Nc3 g6 6. Be3 Bg7 7. f3 Nc6 8. Qd2 0-0 9. g4 e5 10. Nde2 Be6 11. 0-0-0 Qa5 12. Kb1 Rfd8 13. g5 Nh5 14. Nd5 Bxd5 15. Qxa5 Nxa5 16. Rxd5 Nc4 17. Bf2 Rac8 18. Bxa7 b6 19. Nc1 Nf4 20. Bxc4 Rxc4 21. Rb5 Ne6 22. Bxb6 Rb8 23. Rb3 Rbc8 24. c3 Nxg5 25. Rf1 f5 26. Be3 Nf7 27. exf5 gxf5 28. f4 Re4 29. Rf3 Bh6 30. Nd3 Rcc4 31. Rb8+ Kg7 32. Rg3+ Kf6 33. fxe5+ Ke6 34. Bxh6 Nxh6 35. Rb6 Nf7 36. exd6 Nxd6 37. b3 Rc8 38. Rh3 1-0

[Event "Mariupol op"]
[Site "Mariupol"]
[Date "2003.07.16"]
[Round "6"]
[White "Timofeev, Sergey1111"]
[Black "Zatonskih, Vitaly"]
[Result "0-1"]
[WhiteElo "2257"]
[BlackElo "2305"]
[PlyCount "102"]
[EventDate "2003.07.11"]
[EventType "swiss"]
[EventRounds "10"]
[EventCountry "UKR"]
[SourceTitle "CBM 095 Extra"]
[Source "ChessBase"]
[SourceDate "2003.09.04"]
[SourceVersion "1"]
[SourceVersionDate "2003.09.04"]
[SourceQuality "1"]

1. e4 c5 2. Nf3 d6 3. d4 cxd4 4. Nxd4 Nf6 5. Nc3 e5 6. Nb3 Be7 7. Bg5 0-0 8. Qd2 a5 9. a4 Be6 10. Bb5 Nbd7 11. 0-0 Qc7 12. Bxd7 Qxd7 13. Bxf6 Bxf6 14. Rfd1 Rfd8 15. Nd5 Bxd5 16. Qxd5 Qc7 17. c4 Bg5 18. Rd3 Rdc8 19. Rc3 b6 20. Ra2 g6 21. Na1 Kg7 22. Nc2 f5 23. exf5 gxf5 24. Na3 Kh8 25. Nb5 Qc5 26. Qe6 Rf8 27. Ra1 Rad8 28. Rd1 e4 29. Nxd6 Qc7 30. Rg3 Qe7 31. Qd5 Bh4 32. Rb3 Rf6 33. Rxb6 e3 34. g3 e2 35. Re1 Rfxd6 36. Rxd6 Rxd6 37. Qa8+ Rd8 38. Qxa5 Bf6 39. Kg2 Qe4+ 40. f3 Qe3 41. Qxf5 Bxb2 42. Qe4 Re8 43. Qxe3 Rxe3 44. Kf2 Bd4 45. Rxe2 Ra3+ 46. Kg2 Rxa4 47. Rc2 Bc5 48. f4 Ra7 49. Kh3 Kg7 50. Kg4 Kf6 51. Rb2 Rc7 0-1

[Event "Mariupol op"]
[Site "Mariupol"]
[Date "2003.07.14"]
[Round "4"]
[White "Nesterets, Anatoliy"]
[Black "Zatonskih, Vitaly"]
[Result "1-0"]
[WhiteElo "2204"]
[BlackElo "2305"]
[PlyCount "67"]
[EventDate "2003.07.11"]
[EventType "swiss"]
[EventRounds "10"]
[EventCountry "UKR"]
[SourceTitle "CBM 095 Extra"]
[Source "ChessBase"]
[SourceDate "2003.09.04"]
[SourceVersion "1"]
[SourceVersionDate "2003.09.04"]
[SourceQuality "1"]

1. d4 f5 2. e4 fxe4 3. Nc3 Nf6 4. Bg5 c6 5. f3 Qa5 6. Qd2 e5 7. Bxf6 gxf6 8. fxe4 exd4 9. Qxd4 Bc5 10. Qxf6 Rf8 11. Qe5+ Kd8 12. Qg5+ Kc7 13. Qg3+ Bd6 14. Qd3 Na6 15. 0-0-0 Be5 16. Nf3 Nc5 17. Qc4 Bxc3 18. bxc3 Qa3+ 19. Kd2 d5 20. exd5 cxd5 21. Qb4 Ne4+ 22. Ke3 Qxb4 23. cxb4 Re8 24. Bb5 Re7 25. Kd4 Rg7 26. Rhg1 Bg4 27. Rdf1 Rag8 28. Bd3 Bd7 29. Ne5 Ng5 30. g3 Kd6 31. Nxd7 Ne6+ 32. Ke3 Rxd7 33. Rf6 Re8 34. Bf5 1-0

[Event "Hlohovec op"]
[Site "Hlohovec"]
[Date "2000.??.??"]
[Round "?"]
[White "Chorvatova, Elena"]
[Black "Zatonskih, Vitaly"]
[Result "0-1"]
[WhiteElo "2087"]
[BlackElo "2336"]
[PlyCount "176"]
[EventDate "2000.??.??"]
[EventType "swiss"]
[EventRounds "9"]
[EventCountry "SVK"]
[SourceTitle "EXT 2006"]
[Source "ChessBase"]
[SourceDate "2005.11.24"]
[SourceVersion "1"]
[SourceVersionDate "2005.11.24"]
[SourceQuality "1"]

1. e4 e6 2. d4 d5 3. Nd2 c5 4. exd5 Qxd5 5. Ngf3 cxd4 6. Bc4 Qd6 7. 0-0 Nf6 8. Nb3 Nc6 9. Nbxd4 Nxd4 10. Qxd4 Qxd4 11. Nxd4 Bd7 12. Bf4 Rc8 13. Bb3 Bc5 14. Rad1 0-0 15. Rfe1 Rfd8 16. c3 Be8 17. Nf3 Ng4 18. Bg3 Bc6 19. Ng5 Nf6 20. Rxd8+ Rxd8 21. Rd1 Re8 22. Be5 Bxf2+ 23. Kxf2 Ng4+ 24. Kg1 Nxe5 25. Bc2 h6 26. Ne4 Nc4 27. Rd4 Nb6 28. Kf2 Kf8 29. Nc5 Ke7 30. Be4 Bxe4 31. Rxe4 Rb8 32. Rg4 g6 33. Rd4 Nd5 34. Ra4 a6 35. c4 Nc7 36. Rb4 b6 37. Nd3 f6 38. a4 a5 39. Rb3 Kd7 40. Nf4 g5 41. Rd3+ Kc6 42. Ne2 f5 43. b3 Rf8 44. Nd4+ Kc5 45. Nf3 f4 46. Rd7 Na6 47. Nd4 Rf6 48. Kf3 e5 49. Nc2 Kc6 50. Rd5 Nc5 51. b4 e4+ 52. Ke2 Nxa4 53. Re5 Kd6 54. Rd5+ Kc7 55. Re5 axb4 56. Nxb4 Kd7 57. h4 g4 58. Nd5 Rf7 59. Rxe4 f3+ 60. gxf3 gxf3+ 61. Kf2 Kd6 62. Nf4 Nc5 63. Rd4+ Kc6 64. h5 Nb3 65. Re4 Rf6 66. Nd5 Rd6 67. Ne7+ Kc5 68. Nf5 Rf6 69. Ne3 Nc1 70. Re5+ Kd4 71. Rf5 Re6 72. Rxf3 Nd3+ 73. Ke2 Re4 74. Kd2 Ne5 75. Nf5+ Kxc4 76. Nd6+ Kd4 77. Rb3 Rg4 78. Rxb6 Rg2+ 79. Kc1 Nd3+ 80. Kb1 Kc5 81. Rb3 Rg1+ 82. Kc2 Ne1+ 83. Kd2 Kxd6 84. Rb6+ Ke5 85. Rxh6 Nf3+ 86. Ke3 Nd4 87. Rg6 Rh1 88. h6 Nf5+ 0-1

[Event "Hlohovec op"]
[Site "Hlohovec"]
[Date "2000.??.??"]
[Round "?"]
[White "Markos, Jan"]
[Black "Zatonskih, Vitaly"]
[Result "1/2-1/2"]
[WhiteElo "2225"]
[BlackElo "2336"]
[PlyCount "51"]
[EventDate "2000.??.??"]
[EventType "swiss"]
[EventRounds "9"]
[EventCountry "SVK"]
[SourceTitle "EXT 2006"]
[Source "ChessBase"]
[SourceDate "2005.11.24"]
[SourceVersion "1"]
[SourceVersionDate "2005.11.24"]
[SourceQuality "1"]

1. d4 e6 2. e4 d5 3. Nc3 dxe4 4. Nxe4 Nd7 5. Nf3 Ngf6 6. Bd3 Nxe4 7. Bxe4 Nf6 8. Bd3 Be7 9. Bg5 0-0 10. Qe2 c5 11. dxc5 Qa5+ 12. c3 Qxc5 13. 0-0 Rd8 14. Rad1 Bd7 15. Ne5 Be8 16. Rfe1 Nd5 17. Bxe7 Qxe7 18. Qe4 g6 19. Bc4 Nb6 20. Bb3 Rxd1 21. Rxd1 Rd8 22. Rd4 Rxd4 23. Qxd4 f6 24. Ng4 Kg7 25. f4 Bc6 26. Ne3 1/2-1/2

[Event "Bucharest TICC"]
[Site "Bucharest"]
[Date "1997.??.??"]
[Round "?"]
[White "Moldovan, Daniel"]
[Black "Zatonskih, Vitaly"]
[Result "1-0"]
[WhiteElo "2435"]
[BlackElo "2395"]
[PlyCount "105"]
[EventDate "1997.??.??"]
[EventType "tourn"]
[EventRounds "14"]
[EventCountry "ROU"]
[EventCategory "5"]
[SourceTitle "EXT 2001"]
[Source "ChessBase"]
[SourceDate "2000.11.22"]
[SourceVersion "1"]
[SourceVersionDate "2000.11.22"]
[SourceQuality "1"]

1. e4 c5 2. Nf3 d6 3. d4 cxd4 4. Nxd4 Nf6 5. Nc3 e5 6. Bb5+ Nbd7 7. Nde2 a6 8. Bxd7+ Qxd7 9. Bg5 Qc6 10. Qd3 Be6 11. Bxf6 gxf6 12. 0-0 h5 13. Rfd1 h4 14. h3 Rc8 15. Qf3 f5 16. Nd5 Bxd5 17. exd5 Qd7 18. c3 Bh6 19. Qh5 Bg7 20. Qg5 f6 21. Qe3 Kf7 22. f4 Bh6 23. Qf3 Rc4 24. Rf1 Re4 25. Qd3 Qb5 26. Qxb5 axb5 27. Rf2 exf4 28. Nd4 Re5 29. Nxb5 Rxd5 30. Nd4 Re8 31. Kf1 Re3 32. Re1 Kg6 33. Ree2 Kh5 34. Rxe3 fxe3 35. Rxf5+ Rxf5+ 36. Nxf5 Bf4 37. Ke2 Kg6 38. Nxe3 f5 39. Nd5 Be5 40. Kd3 Kf7 41. a4 Ke6 42. Kc4 Bg3 43. a5 Ke5 44. b4 Bf2 45. b5 Ke4 46. b6 f4 47. Nf6+ Kf5 48. Ng4 Bg1 49. Kd5 f3 50. gxf3 Kf4 51. Kxd6 Kxf3 52. Kc7 Kg3 53. Nh6 1-0

[Event "Bucharest TICC"]
[Site "Bucharest"]
[Date "1997.??.??"]
[Round "?"]
[White "Sanduleac, Vasile"]
[Black "Zatonskih, Vitaly"]
[Result "1-0"]
[WhiteElo "2430"]
[BlackElo "2395"]
[PlyCount "78"]
[EventDate "1997.??.??"]
[EventType "tourn"]
[EventRounds "14"]
[EventCountry "ROU"]
[EventCategory "5"]
[SourceTitle "EXT 2001"]
[Source "ChessBase"]
[SourceDate "2000.11.22"]
[SourceVersion "1"]
[SourceVersionDate "2000.11.22"]
[SourceQuality "1"]

1. e4 e6 2. d3 d5 3. Nd2 Nf6 4. Ngf3 dxe4 5. dxe4 Bc5 6. h3 e5 7. Bc4 0-0 8. 0-0 Nc6 9. c3 a5 10. Re1 b6 11. Qe2 Qe7 12. Nf1 Be6 13. Bb5 Na7 14. Ba4 Nd7 15. Ng5 c6 16. Nxe6 Qxe6 17. Bb3 Qe7 18. Qg4 Kh8 19. Ng3 Rfd8 20. Nf5 Qf8 21. Bg5 f6 22. Bd2 Nb5 23. Rad1 Nc7 24. a3 Be7 25. Be3 Nc5 26. Ba2 a4 27. Rf1 Ne8 28. Nxe7 Qxe7 29. Bxc5 Qxc5 30. Rd7 Rxd7 31. Qxd7 Qb5 32. Bf7 Qxb2 33. Bxe8 Qxa3 34. Qxc6 Rd8 35. Qxa4 Qxc3 36. Bc6 g6 37. Bd5 g5 38. Qc6 Qxc6 39. Bxc6 Rd4 1-0

[Event "Bucharest TICC"]
[Site "Bucharest"]
[Date "1997.??.??"]
[Round "?"]
[White "Zatonskih, Vitaly"]
[Black "Ionescu, Mihai"]
[Result "1/2-1/2"]
[WhiteElo "2395"]
[BlackElo "2395"]
[PlyCount "63"]
[EventDate "1997.??.??"]
[EventType "tourn"]
[EventRounds "14"]
[EventCountry "ROU"]
[EventCategory "5"]
[SourceTitle "EXT 2001"]
[Source "ChessBase"]
[SourceDate "2000.11.22"]
[SourceVersion "1"]
[SourceVersionDate "2000.11.22"]
[SourceQuality "1"]

1. e4 e5 2. Nf3 Nf6 3. Nc3 d6 4. d4 Nbd7 5. Bc4 Be7 6. 0-0 0-0 7. a4 c6 8. a5 Qc7 9. h3 Rb8 10. Qe2 exd4 11. Nxd4 Nc5 12. Re1 Re8 13. Bf4 Bf8 14. Qf3 Ncd7 15. Bf1 Ne5 16. Qd1 h6 17. Be3 b6 18. axb6 axb6 19. Nf3 b5 20. Nxe5 dxe5 21. Qf3 Nh7 22. Qg3 Re6 23. Ra7 Rb7 24. Rxb7 Bxb7 25. f3 Rg6 26. Qf2 Ng5 27. Kh1 Ne6 28. Rd1 Nf4 29. Ne2 Rd6 30. Rxd6 Qxd6 31. Nxf4 exf4 32. Bd2 1/2-1/2

[Event "Hlohovec op"]
[Site "Hlohovec"]
[Date "1996.??.??"]
[Round "5"]
[White "Krajcovic, Branislav"]
[Black "Zatonskih, Vitaly"]
[Result "0-1"]
[WhiteElo "2180"]
[BlackElo "2220"]
[PlyCount "60"]
[EventDate "1996.??.??"]
[EventType "swiss"]
[EventRounds "9"]
[EventCountry "SVK"]
[SourceTitle "EXT 2000"]
[Source "ChessBase"]
[SourceDate "1999.11.16"]
[SourceVersion "1"]
[SourceVersionDate "1999.11.16"]
[SourceQuality "1"]

1. e4 c5 2. Nf3 e6 3. d4 cxd4 4. Nxd4 Nf6 5. Nc3 Nc6 6. Be2 Bb4 7. Nxc6 bxc6 8. Qd3 0-0 9. 0-0 d5 10. e5 Nd7 11. f4 a5 12. Qg3 f5 13. exf6 Nxf6 14. Bd3 Bd6 15. Kh1 g6 16. Bd2 Nh5 17. Qg4 Ra7 18. f5 exf5 19. Qd4 Raf7 20. Na4 Qc7 21. Bc3 Nf6 22. Nc5 Qa7 23. b4 axb4 24. Bxb4 Nd7 25. Bc3 Be5 26. Qa4 Qxc5 27. Bb4 Qd4 28. Rad1 Qh4 29. g3 Bxg3 30. Rd2 c5 0-1

[Event "Hlohovec op"]
[Site "Hlohovec"]
[Date "1996.??.??"]
[Round "2"]
[White "Maslik, Miroslav"]
[Black "Zatonskih, Vitaly"]
[Result "0-1"]
[WhiteElo "2215"]
[BlackElo "2365"]
[PlyCount "157"]
[EventDate "1996.??.??"]
[EventType "swiss"]
[EventRounds "9"]
[EventCountry "SVK"]
[SourceTitle "EXT 2000"]
[Source "ChessBase"]
[SourceDate "1999.11.16"]
[SourceVersion "1"]
[SourceVersionDate "1999.11.16"]
[SourceQuality "1"]

1. e4 Nf6 2. e5 Nd5 3. Nf3 Nb6 4. d4 d5 5. exd6 cxd6 6. Nc3 g6 7. Be3 Bg7 8. Qd2 0-0 9. Bh6 Bg4 10. Bxg7 Kxg7 11. Be2 N8d7 12. Qf4 Nf6 13. h3 Bf5 14. Qd2 Rc8 15. Nh4 Be6 16. 0-0 a6 17. Rfe1 Qc7 18. Bf3 Nc4 19. Qc1 d5 20. Na4 Nd7 21. Qg5 Qd6 22. b3 h6 23. Qc1 Ncb6 24. Nxb6 Qxb6 25. Be2 Qxd4 26. Nf3 Qc3 27. Qa3 Qf6 28. Rac1 Nc5 29. c4 dxc4 30. Bxc4 Bxc4 31. Rxc4 Ne6 32. Ne5 Rxc4 33. bxc4 Rc8 34. Nd7 Qd4 35. Rxe6 fxe6 36. Qxe7+ Kh8 37. Nf6 Qa1+ 38. Kh2 Qe5+ 39. g3 Qc7 40. Qxe6 Rf8 41. Ne4 Qf7 42. Qe5+ Kg8 43. Qd4 Qe6 44. Kg1 b6 45. h4 Kf7 46. a4 a5 47. c5 bxc5 48. Nxc5 Qe1+ 49. Kg2 Re8 50. Qd7+ Re7 51. Qd5+ Kg7 52. Nb3 Rf7 53. Qd4+ Kh7 54. h5 gxh5 55. Qd3+ Kg7 56. Qd4+ Kg6 57. Qd6+ Rf6 58. Qd3+ Kg7 59. Qd7+ Kf8 60. Qd8+ Kf7 61. Qd7+ Qe7 62. Qd5+ Qe6 63. Qxh5+ Kg7 64. Nc5 Qf5 65. Qxf5 Rxf5 66. Nb3 Kg6 67. f4 Rd5 68. Kh3 Kf5 69. Kh4 Kg6 70. Kg4 h5+ 71. Kh4 Kf6 72. g4 hxg4 73. Kxg4 Kg6 74. f5+ Rxf5 75. Nd4 Rd5 76. Nb3 Kf6 77. Kf4 Ke6 78. Ke4 Kd6 79. Ke3 0-1